| 000 | 00917nam a2200277 a 4500 | ||
|---|---|---|---|
| 001 | 43048 | ||
| 003 | BD-RjUL | ||
| 005 | 20211209053634.0 | ||
| 008 | 160619s1969 nyua b 001 0 eng | ||
| 020 | _a0471863637 | ||
| 035 | _a(BD-RjUL)43166 | ||
| 040 |
_aDLC _cDLC _dBD-RjUL _beng |
||
| 041 | _aeng | ||
| 082 | 0 | 0 |
_a371.26 _223 _bTHM 1969 |
| 100 | 1 |
_aThorndike, Robert L. _q(Robert Ladd) _d1910-1990. _9132188 |
|
| 245 | 1 | 0 |
_aMeasurement and evaluation in psychology and education / _c[by] Robert L. Thorndike [and] Elizabeth Hagen. |
| 250 | _a3d ed. | ||
| 260 |
_aNew York : _bWiley, _cc1969 |
||
| 300 |
_aviii, 705 p. : _billus. ; _c24 cm. |
||
| 504 | _aIncludes bibliographies and index | ||
| 650 | 0 |
_aPsychological tests. _9132189 |
|
| 650 | 0 |
_aEducational tests and measurements. _9132190 |
|
| 700 | 1 |
_aHagen, Elizabeth P., _d1915- _ejoint author. _9132191 |
|
| 942 |
_2ddc _cBK |
||
| 999 |
_c43048 _d43048 |
||